Statistics for Big Bang Theory Trivia

Click here to take the quiz!

General Stats

  • This quiz has been taken 35,654 times
    (35,622 since last reset)
  • The average score is 13 of 15

Answer Stats

HintAnswer% Correct
Main character; theoretical physicistSheldon
99%
Main character; aspiring actressPenny
98%
Main character; Aerospace engineerHoward
97%
Main character; astrophysicist-only talks to women when drunkRaj
97%
Main character; experimental physicistLeonard
94%
Howard's religionJudaism
94%
The state Sheldon where grew upTexas
93%
What Raj uses to talk to his parentsWebcam
93%
Where Penny worksCheesecake Factory
90%
Dates Sheldon in the 4-5th seasonAmy Fowler
88%
What night do the characters visit the comic book storeWednesday
87%
Dates Howard in 5th seasonBernadette
80%
Where Penny was bornOmaha
73%
The college the four boys work atCaltech
55%
The composers of the theme songBarenaked Ladies
47%

Score Distribution

Percentile by Number Answered

Percent of People with Each Score

Your Score History

You have not taken this quiz since the last reset